La historia de la química y su contribución al aprendizaje de valores /

En este trabajo se analiza en que medida se ha conseguido, sobre todo en alumnos a nivel secundario, la educación en valores implícita en la enseñanza de ciencias. Con el objetivo de favorecer esa educación en valores y haciendo referencia expresa a la química, se propone una estrategia didáctica ba...

Descripción completa

Detalles Bibliográficos
Autor principal: Esteban Santos, Soledad
Formato: Analitica de revista
Lenguaje:español
Publicado: Santiago, Chile Pontificia Universidad Católica de Chile 2002

MARC

LEADER 00000cab a2200000 a 4500
001 036294
003 UAHC_CL
005 20170803123957.0
008 030922s1994 cl f 000 spa
040 |a UAHC_CL  |c UAHC_CL  |d UAHC_CL 
100 1 |a Esteban Santos, Soledad 
245 1 3 |a La historia de la química y su contribución al aprendizaje de valores /  |c Soledad Esteban Santos. 
260 |b Pontificia Universidad Católica de Chile  |c 2002  |a Santiago, Chile 
300 |a p. 221-234 
500 |a En: Pensamiento educativo, nû30, 2002. p.221-234. ISSN 07171013. 
500 |a En: Pensamiento educativo, n°30, 2002. p.221-234. ISSN 07171013. 
500 |a En: Pensamiento educativo, nç30, 2002. p.221-234. ISSN 07171013. 
520 |a En este trabajo se analiza en que medida se ha conseguido, sobre todo en alumnos a nivel secundario, la educación en valores implícita en la enseñanza de ciencias. Con el objetivo de favorecer esa educación en valores y haciendo referencia expresa a la química, se propone una estrategia didáctica basada en que cuando determinados contenidos científicos se abordan en el aula, darles un enfoque desde la perspectiva de la historia de la química. Las razones que se argumentan en pro de esa propuesta son entre otros, que facilita el razonamiento de los alumnos y su sentido critico, así como una mejor percepción de las relaciones ciencia/tecnología/sociedad. Todo lo cual proporcionará una imagen menos dogmática y más humanista de la química, fomentando con todo ello la sensibilización de los alumnos hacia sus responsabilidades como buenos ciudadanos. 
520 |a En este trabajo se analiza en que medida se ha conseguido, sobre todo en alumnos a nivel secundario, la educación en valores implícita en la enseñanza de ciencias. Con el objetivo de favorecer esa educación en valores y haciendo referencia expresa a la química, se propone una estrategia didáctica basada en que cuando determinados contenidos científicos se abordan en el aula, darles un enfoque desde la perspectiva de la historia de la química. Las razones que se argumentan en pro de esa propuesta son entre otros, que facilita el razonamiento de los alumnos y su sentido critico, así como una mejor percepción de las relaciones ciencia/tecnología/sociedad. Todo lo cual proporcionará una imagen menos dogmática y más humanista de la química, fomentando con todo ello la sensibilización de los alumnos hacia sus responsabilidades como buenos ciudadanos. 
759 |a PP160 
773 0 |t Revista PRELAC  |w 041234 
900 |a PENSAMIENTO EDUCATIVO-30/02 
942 |c REVA 
952 |0 0  |1 0  |4 0  |6 PENSAMIENTO_EDUCATIVO30_02_000000000000000  |7 0  |8 General  |9 69015  |a BC  |b BC  |c General  |d 2017-08-03  |l 0  |o PENSAMIENTO EDUCATIVO-30/02  |p FICTICIO4949  |r 2019-01-08 00:00:00  |t 1  |w 2017-08-03  |y REVA 
999 |c 36294  |d 36294